000 00488nam a22001817a 4500
003 NUST - PNEC
005 20170116181204.0
008 160225b xxu||||| |||| 00| 0 eng d
020 _a9698893016
040 _cLIBRARY
082 _a796.358 KHA
100 _916634
_aMahmood, Syed Khalid
245 _aWorld cup 2003 : top of the charts
_cSyed Khalid Mahmood
260 _aPakistan
_bJumbo Publishing
300 _a186 p. :
650 _916635
_aCricket
_xGeneral
942 _2ddc
_cBK
999 _c71588
_d71588